Malaysia builders directory [
| Format: | Book |
|---|---|
| Published: |
Kuala Lumpur:
Times Trade Directories,
1999.
|
| Subjects: |
| LEADER | 00475cam a2200133 7i4500 | ||
|---|---|---|---|
| 001 | 0000007510 | ||
| 005 | 20000327090000.0 | ||
| 090 | 0 | 0 | |a CD-ROM 124 |b MAL |
| 245 | 0 | 0 | |a Malaysia builders directory [ |m electronic resource]. |
| 260 | 0 | 0 | |a Kuala Lumpur: |b Times Trade Directories, |c 1999. |
| 300 | # | # | |a Electronic computer optical disc (CD-ROM). |
| 650 | 0 | 0 | |a Buiding materials -- |x Directories -- |z Malaysia |
| 651 | 0 | 0 | |a Malaysia |
| 999 | |a B000011393 |b CD-ROM |c AV Collection |e Business Information Centre | ||